Tilastot visalle The Days of the Week/ Viikonpäivät

Klikkaa tästä pelataksesi tätä visaa!

Yleistilastot

  • Tätä visaa on pelattu 785 kertaa
  • Keskiarvotulos 5 / 7

Vastaustilastot

Vastaus% Oikein
maanantai
98%
tiistai
94%
keskiviikko
83%
torstai
69%
perjantai
59%
lauantai
46%
sunnuntai
31%

Tulosjakauma

Persentiili vastausten määrän mukaan

Jokaisen tuloksen saaneiden osuus

Tuloshistoriasi

Et ole pelannut tätä visaa